=LDR 00000nam 2200000 4500 =001 001198 =005 20250710021422 =035 ##$$a 0010-0725000160 =007 ta =008 250710################a##########0#ind## =020 ##$$a 978-623-307-401-8 =082 ##$$a 398.209 598 =084 ##$$a 398.209 598 HEL p =100 #$$a Hello =245 1#$$a Penerbangan seumur hidup /$c Hello English =250 ##$$a Cetakan pertama =260 ##$$a Rawamangun :$b Badan pengembangan dan pembinaan bahasa,$c 2022 =300 ##$$a 16 hlm. : $b Ilus. ; $c 21 cm.